000 00455nam a2200109Ia 4500
008 230320s9999||||xx |||||||||||||| ||spa||
082 _aTMI/2007/1
100 _aVega Flores, Nancy Ruth
245 0 _aPropuesta De Aplicación Curricular Del Modelo T En El Área De Ciencias Sociales Para El Primer Grado De Educación Secundaria En La Institución Educativa Del Estado Nº 7066 Andrés Avelino Cáceres - Chorrillos
260 _bLima 2007
942 _80
_cLIB
999 _c45930
_d45930